THE ADULT HIP VOL- 2 / (Record no. 797225)

MARC details
000 -LEADER
fixed length control field 00527pam a2200193 a 4500
020 ## - INTERNATIONAL STANDARD BOOK NUMBER
International Standard Book Number 9780781750929
Terms of availability 8565.40
041 ## - LANGUAGE CODE
Language code of text/sound track or separate title eng
Language code of original NULL
082 ## - DEWEY DECIMAL CLASSIFICATION NUMBER
Classification number 617.581
Item number CAL/ROS
100 ## - MAIN ENTRY--PERSONAL NAME
Personal name CALLAGHAN, J .
245 ## - TITLE STATEMENT
Title THE ADULT HIP VOL- 2 /
Statement of responsibility, etc. NULL.
Medium Textual Documents
250 ## - EDITION STATEMENT
Edition statement 2 /
Remainder of edition statement .
260 ## - PUBLICATION, DISTRIBUTION, ETC.
Place of publication, distribution, etc. NULL :
Name of publisher, distributor, etc. LIPPINCOTT WILLIAMS & WILKINS ,
Date of publication, distribution, etc. 2007.
300 ## - PHYSICAL DESCRIPTION
Extent 1569 :
Other physical details XXVIII ;
Dimensions A4 .
365 ## - TRADE PRICE
Price type code 8565.40
650 ## - SUBJECT ADDED ENTRY--TOPICAL TERM
Topical term or geographic name entry element ORTHO
700 ## - ADDED ENTRY--PERSONAL NAME
Personal name ROSENBERT, A .
-- RUBASH, H .
930 ## - EQUIVALENCE OR CROSS-REFERENCE-UNIFORM TITLE HEADING [LOCAL, CANADA]
Uniform title 2690
Holdings
Withdrawn status Lost status Damaged status Not for loan Home library Current library Date acquired Cost, normal purchase price Total Checkouts Full call number Barcode Date last seen Copy number Price effective from Koha item type
        Medical College & Hospital, Sangli Medical College & Hospital, Sangli 28/11/2011 8565.40   617.581 CAL/ROS MCS-6306 26/07/2023 1 26/07/2023 Book